000 00833nam a22002297a 4500
005 20240603154057.0
010 _aENG-140465
020 _a9788192746807
035 _aEN-123997
037 _bDBAD
082 _a346.0482
245 _aA Discourse On Reprographic Right And Copyrights:
_bContemporary Facets/
_cEdited by Dilip Kumar Sinha...[et al]
260 _aKolkata
_bIndian Statistical Institute
_c2013
270 _aIndian Statistical Institute, 203 B T Road
_bKolkata
_e700108
300 _a303 p.
_c24cm, (hb}
700 _aEdited by Sinha, Dilip Kumar
_966297
700 _aEdited by Mallick, Amal Kumar
_966607
700 _aEdited by Gangully, Nibedita
_966609
700 _aEdited by Mukherjee, Dipankar
_966611
700 _aEdited by Banerjee, Swapna
_966758
942 _2ddc
_cEN
_h346.0482
_mDIS
999 _c203176
_d203176